000 00695nas a2200229 4500
001 BR9507451
003 BR-BrBNA
005 20231205094516.0
007 ta
008 230509b bl.|||p| |||| 00| 00por d
040 _aBR-BrBNA
_bpor
_cBiblioteca Nacional de Agricultura
041 _a(Pt)
072 _aL72
100 1 _aCosta, H.M.A.
100 1 _aFreitas, M.G.
245 1 _aRaillietina (Paroniella)Magninumida Jones, 1930)
650 _aParasito
650 _aIntestino
773 0 _tArquivos da Escola Veterinaria das Universidade Rural do Estado de Minas Gerais (Brazil)
_x
_g1962, v. 14 p. 171-175
_wBR9507451
909 _a202311
_bLúcia
_c55
_dLúcia Elande
942 _2AGRIS
_n0
_cANA
999 _c144838
_d144838